00455nam a2200133Ia 4500100002900000942000700029654000900036245008700045260002900132082001400161546001200175999001700187952011700204 aSantacruz operation Inc  cBK aunix aSCO unix system V development system:Code view debgger macro assembler users guide bSantacruz Operation Inc. a5.43bSCO aENGLISH c26587d26587 001040708CRCaCRCEbCRCEc1473 | 5d2023-03-17g362.50l0o5.43 SCOp4135r2023-03-17v362.50w2023-03-17yBK